000 00407nam a2200169Ia 4500
008 230524s9999 xx 000 0 und d
020 _a8188458511
082 _a551
_bSIN
100 _aParbin Singh
_942091
245 0 _aEngineering and General Geology
250 _a8
260 _aNew Delhi
_bKatson
_c2012
300 _a"XIV,591p;"
500 _aQuantity Number: 1
650 _aCivil
942 _cBK
999 _c56500
_d56500